Sexo con amor: no hay nada mejor / Felix Cortés A. (Registro nro. 3109)

Detalles MARC
000 -LEADER
fixed length control field 00445nam a22001811a 4500
001 - CONTROL NUMBER
control field 3109
003 - CONTROL NUMBER IDENTIFIER
control field OSt
005 - DATE AND TIME OF LATEST TRANSACTION
control field 20260204211837.0
008 - FIXED-LENGTH DATA ELEMENTS--GENERAL INFORMATION
fixed length control field 070424s2006||||ck ||||||b||||||||||spa||
020 ## - NUMERO DE LIBRO INTERNACIONAL NORMALIZADO
International Standard Book Number 1575544490
050 ## - LIBRARY OF CONGRESS CALL NUMBER
Classification number 612.6 C818s
100 ## - ASIENTO PRINCIPAL -- NOMBRE PERSONAL
Personal name Cortés A., Felix
245 ## - TÍTULO PROPIAMENTE DICHO: SUBTÍTULO
Title Sexo con amor: no hay nada mejor / Felix Cortés A.
264 ## - PRODUCTION, PUBLICATION, DISTRIBUTION, MANUFACTURE, AND COPYRIGHT NOTICE
Place of production, publication, distribution, manufacture Colombia: Gema
300 ## - PHYSICAL DESCRIPTION
Extensión 189 p
650 ## - ASIENTO SECUNDARIO DE MATERIA -- TERMINO TEMÁTICO
Termino Temático Como Elemento de Entrada Educación Sexual 2.SexoÌ
942 ## - ADDED ENTRY ELEMENTS (KOHA)
Source of classification or shelving scheme Dewey Decimal Classification
Koha item type Libros
Existencias
Withdrawn status Lost status Source of classification or shelving scheme Damaged status Not for loan Current library Date acquired Total Checkouts Full call number Barcode Date last seen Price effective from Koha item type
    Dewey Decimal Classification     Biblioteca UTECO 09/09/2019   612.6 C818S 012875 09/09/2019 09/09/2019 Libros
    Dewey Decimal Classification     Biblioteca UTECO 09/09/2019   612.6 C818S 012876 09/09/2019 09/09/2019 Libros
© 2021 Derechos Reservados UTECO - Teléfono: +1 809-585-2291 - Correo electrónico: biblioteca@uteco.edu.do​  
Código postal 43000 ​​
Dirección: Avenida Universitaria No. 100, 
Cotuí, Provincia Sánchez Ramírez, República Dominicana - RNC: 404-00059-6